Sports Quiz

Random Sports or Football Quiz

Longest serving English football managers Quiz Stats

Quiz not verified by Sporcle

Challenge
Share
Tweet
Embed
Score 0/10 Timer 05:00
0 Plays Today
Current Division Manager % Correct
Premier LeagueSir Alex Ferguson
99.8%
Premier LeagueArsene Wenger
97.8%
Premier LeagueDavid Moyes
75.6%
Premier LeagueRafael Benitez
48.5%
ChampionshipDavid Jones
14.6%
League TwoJohn Coleman
12.9%
League TwoJohn Still
9.3%
ChampionshipGary Johnson
8.8%
League OneSteve Tilson
5.9%
League OnePaul Trollope
2.2%

You're not logged in!

Compare scores with friends on all Sporcle quizzes.
Sign Up with Email
OR
Log In

You Might Also Like...

Show Comments

Extras

Top Quizzes Today


Score Distribution

Your Account Isn't Verified!

In order to create a playlist on Sporcle, you need to verify the email address you used during registration. Go to your Sporcle Settings to finish the process.